000
00382nam a2200133Ia 4500
008
151001s9999||||xx |||||||||||||| ||und||
100
_a
राकेश इंदूरखा
245
_a
हमारे मित्र पक्षी
250
_a
1
260
_b
दिनेश साहित्य सदन
260
_c
2008
300
_a
16
365
_b
21
999
_c
992440
_d
992437